|
|
|
|
| LEADER |
00000nam0a2200000 4500 |
| 001 |
376335 |
| 005 |
20231101051935.0 |
| 035 |
|
|
|a (RuTPU)RU\TPU\retro\33775
|
| 035 |
|
|
|a RU\TPU\book\228139
|
| 090 |
|
|
|a 376335
|
| 100 |
|
|
|a 20221222d1922 m y0rusy50 ca
|
| 101 |
1 |
|
|a rus
|c fre
|
| 102 |
|
|
|a RU
|
| 105 |
|
|
|a y j 000zy
|
| 200 |
1 |
|
|a Курс анализа бесконечно малых
|e пер. с фр.
|f Ш. -Ж де ла Валле-Пуссен
|h Т. 1
|
| 210 |
|
|
|a Петроград
|d 1922
|
| 215 |
|
|
|a 240 с.
|
| 610 |
1 |
|
|a математика
|
| 610 |
1 |
|
|a математический анализ
|
| 610 |
1 |
|
|a бесконечно малые функции
|
| 610 |
1 |
|
|a учебные пособия
|
| 675 |
|
|
|a 517
|v 3
|
| 700 |
|
1 |
|a Валле-Пуссен
|b Ш. -Ж де ла
|g Шарль-Жан де ла
|
| 801 |
|
1 |
|a RU
|b 63413507
|c 20120207
|
| 801 |
|
2 |
|a RU
|b 63413507
|c 20221222
|g RCR
|
| 942 |
|
|
|c BK
|